Edinburgh College of Art (Record no. 195037)
[ view plain ]
| 000 -LEADER | |
|---|---|
| fixed length control field | 00735 a2200157 4500 |
| 003 - CONTROL NUMBER IDENTIFIER | |
| control field | Nust |
| 005 - DATE AND TIME OF LATEST TRANSACTION | |
| control field | 20170207154214.0 |
| 040 ## - CATALOGING SOURCE | |
| Transcribing agency | Nust |
| 082 ## - DEWEY DECIMAL CLASSIFICATION NUMBER | |
| Classification number | 378.4 |
| 245 ## - TITLE STATEMENT | |
| Title | Edinburgh College of Art |
| Remainder of title | Edinburgh College of Art |
| 260 ## - PUBLICATION, DISTRIBUTION, ETC. | |
| Place of publication, distribution, etc. | Lauriston |
| Name of publisher, distributor, etc. | Edinburgh College of Art |
| Date of publication, distribution, etc. | 1999-2001 |
| 300 ## - PHYSICAL DESCRIPTION | |
| Extent | 132 p. |
| 505 ## - FORMATTED CONTENTS NOTE | |
| Formatted contents note | Principal ,s Foreword (page-2) Exhibitions and Events (page-3) The City of Edinburgh (page-4) Faculty of Art & Design (page-15) Faculty of Environmental Studies (page-70) Further Information (page-96) Centre for Continuing Studies (page-124) Staff and Contact Addresses (page-129) How to get Here (page-130) Acknowledgements and Regulations (page-131) |
| 538 ## - SYSTEM DETAILS NOTE | |
| System details note | Almirah No. 117 Shelf No. 2 |
| 650 ## - SUBJECT ADDED ENTRY--TOPICAL TERM | |
| Topical term or geographic name entry element | UG Prospectus |
| 942 ## - ADDED ENTRY ELEMENTS (KOHA) | |
| Source of classification or shelving scheme | |
| Koha item type | Book |
| Withdrawn status | Lost status | Source of classification or shelving scheme | Damaged status | Not for loan | Collection code | Permanent Location | Current Location | Date acquired | Total Checkouts | Full call number | Barcode | Date last seen | Price effective from | Koha item type |
|---|---|---|---|---|---|---|---|---|---|---|---|---|---|---|
| Military College of Signals (MCS) | Military College of Signals (MCS) | 12/12/2016 | 378.4 EDI | MCSPS-55 | 12/08/2016 | 12/12/2016 | Book | |||||||
| Military College of Signals (MCS) | Military College of Signals (MCS) | 12/12/2016 | 378.4 EDI | MCSPS-6 | 12/08/2016 | 12/12/2016 | Book |
